000 00319nam a2200121Ia 4500
008 250327s9999 xx 000 0 und d
020 _a9781544361475
082 _bCOL
_aCQR
100 _aLISA DEFRANK-COLE & SHERYLLE J. TAN
_933932
245 0 _aWOMEN AND LEADERSHIP JOURNEY TOWARD EQUITY
260 _bSAGE
942 _cBK
999 _c6609
_d6609